Salud integral y vida estudiantil /
Guardado en:
| Hovedforfatter: | |
|---|---|
| Format: | Texto |
| Fag: | |
| Tags: |
Tilføj Tag
Ingen Tags, Vær først til at tagge denne postø!
|
MARC
| LEADER | 00000 a a2200000 04500 | ||
|---|---|---|---|
| 001 | 220 | ||
| 003 | |||
| 040 | |||
| 100 | |a Donas Burak, Solum | ||
| 245 | |a Salud integral y vida estudiantil / |c Solum Donas Burak | ||
| 650 | |a JUVENTUD | ||
| 650 | |a ADOLESCENTES | ||
| 650 | |a ESTUDIANTES | ||
| 650 | |a SALUD | ||
| 650 | |a SALUD BASICA | ||
| 773 | |g volumen 1, número 1; páginas 29-34 | ||
| 999 | |c 36504 |d 36504 | ||
